[Event "GER-chT U20"]
[Site "Osnabrueck"]
[Date "2011.12.29"]
[Round "6.4"]
[White "Schulte, Heiko"]
[Black "Lange, Philipp"]
[Result "1/2-1/2"]
[WhiteElo "1572"]
[BlackElo "1534"]
[PlyCount "73"]
[EventDate "2011.12.27"]
[EventType "team-swiss"]
[EventRounds "7"]
[EventCountry "GER"]
[SourceTitle "CBM 146 Extra"]
[Source "ChessBase"]
[SourceDate "2012.02.29"]
[SourceVersion "1"]
[SourceVersionDate "2012.02.29"]
[SourceQuality "1"]
[WhiteTeam "Dresden"]
[BlackTeam "Magdeburg Aufbau Elbe"]
[WhiteTeamCountry "GER"]
[BlackTeamCountry "GER"]

1. e4 e5 2. Nf3 Nc6 3. Bb5 a6 4. Ba4 d6 5. c3 Nf6 6. 0-0 Bg4 7. Re1 Be7 8. h3 Bh5 9. d4 0-0 10. Bxc6 Bxf3 11. Qxf3 bxc6 12. dxe5 dxe5 13. Qg3 Qd6 14. Nd2 Qe6 15. Nf3 Bd6 16. Nh4 Nh5 17. Qg5 Nf4 18. Bxf4 exf4 19. Nf5 Qe5 20. Nh6+ Kh8 21. Qxe5 Bxe5 22. Ng4 Bd6 23. e5 Be7 24. Re4 Rad8 25. Rxf4 Rd2 26. b3 Kg8 27. Rd4 Rxd4 28. cxd4 Rd8 29. e6 fxe6 30. Ne5 Rd6 31. Rc1 Bf6 32. Nxc6 Bxd4 33. Nxd4 Rxd4 34. Rxc7 Rd1+ 35. Kh2 Rd2 36. f3 Rxa2 37. Rc6 1/2-1/2